000 00582nam a2200181 a 4500
001 2983
003 CO-ViMGA
008 141112s2004 ck r 000 u spa d
040 _aCO-ViMGA
_bspa
_cCO-ViMGA
082 0 4 _a918.61667 M651
100 1 _aMolano, Alfredo
_910217
245 1 0 _aSelva adentro :
_buna historia oral de la colonización del Guaviare
260 _aBogotá :
_bANcora,
_c1996
300 _a138 p
590 _aForma de adquisición : Canje - Biblioteca Luis Ángel Arango - - Ejemplares : 2
650 1 4 _aGUAVIARE (COMISARIA) - HISTORIA
_910221
942 _2ddc
_cBK
999 _c15046
_d15046